[Event "Koop Tjuchem op"]
[Site "Groningen"]
[Date "1996.??.??"]
[Round "1"]
[White "Krylov, Stanislav"]
[Black "Meins, Gerlef"]
[Result "1/2-1/2"]
[WhiteElo "2210"]
[BlackElo "2465"]

1.c4 e5 2.g3 c6 3.Nf3 e4 4.Nd4 d5 5.cxd5 Qxd5 6.e3 Nf6 7.Bg2 Qe5 8.Nc3 Nbd7
9.d3 exd3 10.Qxd3 Qh5 11.Qe2 Qxe2+ 12.Kxe2 Bc5 13.Rd1 O-O 14.Kf1 Re8 15.b3 Nb6
16.Bb2 a5 17.Rac1 Bf8 18.h3 a4 19.Rd2 Ra5 20.Rcd1 Bd7 21.Nc2 axb3 22.axb3 Be6
23.Nd4 Nfd5 24.Nxe6 fxe6 25.e4 Nxc3 26.Bxc3 Rb5 27.Rb2 Bb4 28.Bxb4 Rxb4 29.Rbb1 e5
30.Ra1 Re7 31.Ra3 Rd7 32.Ke2 Kf7 33.Rd3 Ke7 34.f4 Rxd3 35.Kxd3 Nd7 36.Kc3 c5
37.Ra8 Nf6 38.Rb8 Kd6 39.Rd8+ Kc7 40.Rf8 Kd6 41.Rf7 exf4 42.gxf4 Nxe4+ 43.Bxe4 Rxe4
44.Rxg7 Re3+ 45.Kc2 Rxh3 46.Rxb7 h5 47.b4 cxb4  1/2-1/2

[Event "Hallsberg op"]
[Site "Hallsberg"]
[Date "1996.??.??"]
[Round "6"]
[White "Karlsson, Lars"]
[Black "Leito, Priit"]
[Result "1-0"]
[WhiteElo "2465"]
[BlackElo "2310"]

1.c4 e5 2.g3 Nf6 3.Bg2 c6 4.d4 exd4 5.Qxd4 d5 6.Nf3 Be7 7.O-O O-O 8.cxd5 Qxd5
9.Nc3 Qh5 10.Bf4 Bh3 11.Rad1 Na6 12.Bd6 Bxd6 13.Qxd6 Bxg2 14.Kxg2 Qa5 15.Ne5 Rfe8
16.Nc4 Qc5 17.Rd4 Qxd6 18.Nxd6 Re7 19.Rfd1 g6 20.e4 Ne8 21.Nc4 f6 22.f4 Nc5
23.b4 Ne6 24.R4d2 N8c7 25.Na5 Rb8 26.a3 f5 27.Rd7 Kf8 28.exf5 gxf5 29.Nc4 Ne8
30.Ne5 Nf6 31.R7d6 Ke8 32.Kf3 Kf8 33.h3 Kg7 34.Rg1 h5 35.g4 hxg4+ 36.hxg4 fxg4+
37.Nxg4 Nxg4 38.Rxg4+ Kf7 39.f5 Nc7 40.f6 Re6 41.Rd7+ Kxf6 42.Rxc7 Ke5 43.Rd7 Rh6
44.Re4+ Kf5 45.Rf7+ Kg6 46.Re6+ Kxf7 47.Rxh6 Re8 48.Ne4 a5 49.bxa5 Ra8 50.Rh7+ Ke6
51.Nc5+ Kd5 52.Nxb7 c5 53.Rc7  1-0

[Event "Union de Reyes"]
[Site "Havana"]
[Date "1996.??.??"]
[Round "9"]
[White "Perez, R."]
[Black "Suri, Alberto"]
[Result "1-0"]
[WhiteElo "2405"]
[BlackElo "2290"]

1.c4 e5 2.g3 Nc6 3.Bg2 Nf6 4.Nf3 Bc5 5.O-O d6 6.d3 h6 7.Nc3 a5 8.e3 Bg4 9.h3 Bh5
10.b3 O-O 11.Bb2 Re8 12.Qd2 Bb4 13.a3 e4 14.Nh4 Bxc3 15.Qxc3 exd3 16.g4 Bxg4
17.hxg4 Ne5 18.Nf5 Nexg4 19.Qxd3 g6 20.f3 Ne5 21.Nxh6+ Kg7 22.Bxe5 Rxe5 23.Ng4 Nxg4
24.fxg4 Qh4 25.Qd4 g5 26.Rf3 Rh8 27.Rh3 Qxh3 28.Bxh3 Rxh3 29.Re1  1-0

[Event "FIN-ch"]
[Site "Helsinki"]
[Date "1996.??.??"]
[Round "1"]
[White "Jouhki, Yrjo Markus"]
[Black "Salmensuu, Olli"]
[Result "1/2-1/2"]
[WhiteElo "2245"]
[BlackElo "2280"]

1.c4 e5 2.g3 d6 3.Bg2 f5 4.Nc3 Nf6 5.d4 Be7 6.Nf3 e4 7.Ng1 O-O 8.Nh3 c6 9.Bg5 Na6
10.Nf4 Nc7 11.Qb3 Kh8 12.d5 Nfxd5 13.Bxe7 Nxe7 14.Rd1 Ne8 15.O-O Qb6 16.Qa3 a5
17.b3 Ng6 18.Nxg6+ hxg6 19.Qc1 Be6 20.Qg5 Rf6 21.Bxe4 Qb4 22.Rd3 fxe4 23.Nxe4 Bf5
24.Nxf6 Nxf6 25.Rd4  1/2-1/2

[Event "Helsinki We G"]
[Site "Helsinki"]
[Date "1996.??.??"]
[Round "4"]
[White "Karner, Hillar"]
[Black "Rytshagov, Mikhail"]
[Result "0-1"]
[WhiteElo "2315"]
[BlackElo "2495"]

1.c4 e5 2.g3 Nf6 3.Bg2 d5 4.cxd5 Nxd5 5.Nc3 Nb6 6.Nf3 Nc6 7.d3 Be7 8.a3 O-O
9.O-O Be6 10.Be3 f5 11.b4 Bf6 12.Rc1 a5 13.Bxb6 cxb6 14.b5 Nd4 15.Nd2 Qe8
16.a4 f4 17.e3 fxe3 18.fxe3 Nf5 19.Qe2 Bg5 20.Rf3 Rc8 21.Nde4 Be7 22.Rcf1 Qd7
23.Bh3 g6 24.g4 Ng7 25.Rxf8+ Rxf8 26.Rxf8+ Kxf8 27.Qf3+ Kg8 28.Nf2 Bh4 29.Nce4 Qe7
30.Kg2 h6 31.Nc3 Qc7 32.Nd5 Qd8 33.e4 Bg5 34.Kg1 Bf7 35.Qg3 Bxd5 36.exd5 Qxd5
37.Bg2 Qd4 38.Qf3 Be3 39.Qd5+ Kf8 40.Qxd4 Bxd4 41.Kf1 Bxf2 42.Kxf2 Ne6 43.Ke3 Nc5
44.Bf3 Nxa4 45.Ke4 Nc3+ 46.Kxe5 a4  0-1

[Event "Hlohovec op"]
[Site "Hlohovec"]
[Date "1996.??.??"]
[Round "5"]
[White "Kaposztas, Miklos"]
[Black "Biolek, Richard"]
[Result "1/2-1/2"]
[WhiteElo "2310"]
[BlackElo "2395"]

1.c4 e5 2.g3 Nf6 3.Bg2 d5 4.cxd5 Nxd5 5.Nc3 Nb6 6.Nf3 Nc6 7.d3 Be7 8.O-O Be6
9.Be3 Nd5 10.Nxd5 Bxd5 11.Qa4 O-O 12.Rfc1  1/2-1/2

[Event "NLD-chT9697"]
[Site "Holland"]
[Date "1996.??.??"]
[Round "?"]
[White "De Jager, Jaap"]
[Black "Douven, Rudy C"]
[Result "1-0"]
[WhiteElo "2205"]
[BlackElo "2415"]

1.c4 e5 2.g3 Nc6 3.Bg2 g6 4.Nc3 Bg7 5.e4 Nge7 6.Nge2 d6 7.O-O O-O 8.d3 Be6
9.Nd5 f5 10.Be3 Qd7 11.Qd2 Rf7 12.Rac1 Raf8 13.b4 Nc8 14.exf5 gxf5 15.f4 Nd8
16.Bf2 Re8 17.Ne3 Rff8 18.d4 c6 19.Rfd1 e4 20.d5 Bf7 21.Bh3 Bh5 22.Re1 c5
23.bxc5 dxc5 24.Nxf5 Rxf5 25.Bxc5 Qc7 26.Be3 Rf6 27.c5 Ra6 28.Nd4 Qb8 29.Nf5 Nf7
30.Nxg7 Kxg7 31.Bd4+ Kf8 32.Ba1 Rg6 33.Bf5 Ne7 34.Bxe4 Rg4 35.Bf3 Nf5 36.Bxg4 Bxg4
37.Rxe8+ Qxe8 38.Re1 Qd7 39.Qc3 a5 40.Qxa5 h5 41.d6 h4 42.Qc7 Qb5 43.d7 Qd3
44.d8=Q+  1-0

[Event "NLD-chT9697"]
[Site "Holland"]
[Date "1996.??.??"]
[Round "?"]
[White "De Jager, Jaap"]
[Black "Cuijpers, Frans Andre"]
[Result "1/2-1/2"]
[WhiteElo "2205"]
[BlackElo "2435"]

1.c4 e5 2.g3 Nf6 3.Bg2 Nc6 4.Nc3 Bb4 5.a3 Bxc3 6.bxc3 O-O 7.e4 Ne7 8.Ne2 c6
9.O-O d5 10.cxd5 cxd5 11.exd5 Nexd5 12.h3 Bf5 13.d4 Qc7 14.c4 Nb6 15.c5 Nbd7
16.Be3 Rad8 17.Rc1 exd4 18.Nxd4 Nxc5 19.Qe2 Bd7 20.Nb3 b6 21.Nxc5 bxc5 22.Bxc5 Rfe8
23.Qa6 Qe5 24.Qxa7 Qh5 25.Bb6 Rb8 26.Rc5 Qe2 27.Qa5 Qb2 28.Bc7 Rb3 29.a4 Qa2
30.Be5 Qxa4 31.Qd2 Qb4 32.Qxb4 Rxb4 33.Bxf6 gxf6 34.Rc2 Reb8 35.Re1 Rb1 36.Rxb1 Rxb1+
37.Kh2 Be6 38.f4 Rb4 39.Rf2 f5 40.Bf3 Kg7 41.Kg2 Ra4 42.Rd2 Kf6 43.Kf2 Ke7
44.Bd1 Ra3 45.Kg2 Rc3 46.g4 fxg4 47.hxg4 h6 48.Bf3 Bd7 49.Rb2  1/2-1/2

[Event "HUN-chT1 9596"]
[Site "HUN"]
[Date "1996.??.??"]
[Round "10"]
[White "Erdelyi, Tamas"]
[Black "Gyurkovics, Miklos"]
[Result "0-1"]
[WhiteElo "2305"]
[BlackElo "2260"]

1.c4 e5 2.g3 c6 3.d4 exd4 4.Qxd4 d5 5.Bg2 Be6 6.cxd5 cxd5 7.Nf3 Nc6 8.Qa4 Bc5
9.O-O Ne7 10.Nbd2 O-O 11.Nb3 Bb6 12.Bd2 Qd7 13.Rfd1 Bh3 14.Qh4 Bxg2 15.Kxg2 Qf5
16.Bc3 Rad8 17.Rd3 Rfe8 18.Qf4 Qe4 19.Re1 Ng6 20.Qd2 Nce5 21.Bxe5 Nxe5 22.Rc3 d4
23.Rcc1 d3 24.Qf4 Nxf3 25.exf3 Qxe1 26.Rxe1 Rxe1 27.a4 Re2 28.Nd2 Rxf2+ 29.Kh3 Re2
30.b4 Bg1 31.Qc7 Rxh2+ 32.Kg4 h5+ 33.Kf4 Bb6 34.Qc3 Re2 35.Ne4 d2 36.Nxd2  0-1

[Event "HUN-chT1 9596"]
[Site "HUN"]
[Date "1996.??.??"]
[Round "11"]
[White "Ruck, Robert"]
[Black "Zemerov, Vladimir"]
[Result "1-0"]
[WhiteElo "2460"]
[BlackElo "2430"]

1.c4 e5 2.g3 Nc6 3.Bg2 f5 4.Nc3 Nf6 5.d3 Bb4 6.Bd2 O-O 7.Nf3 d6 8.O-O Kh8
9.Nd5 Bxd2 10.Nxd2 Nd4 11.e3 Ne6 12.f4 c6 13.Nxf6 Qxf6 14.Qc2 Bd7 15.Qc3 exf4
16.Qxf6 Rxf6 17.exf4 Re8 18.Rae1 Rff8 19.Nb3 Nc5 20.Nxc5 dxc5 21.Kf2 Kg8
22.Rxe8 Rxe8 23.Rd1 Be6 24.Re1 Kf7 25.Re5 Rd8 26.Ke3 b6 27.Bxc6 Kf6 28.a3 g5
29.b4 gxf4+ 30.gxf4 Rc8 31.Bf3 Rc7 32.bxc5 bxc5 33.Bd5 Bxd5 34.Rxd5 Ke6 35.Kd2 h5
36.Ke3 Rc6 37.a4 Kf6 38.Rd7 Ra6 39.Rc7 Ra5 40.Rc6+ Kg7 41.h4 Kf7 42.Kd2 Ke7
43.Ke3 Kd7 44.Rf6 Rxa4 45.Rxf5 Kc6 46.Rxh5 Ra1 47.Rh6+ Kb7 48.Ke4 a5 49.Kd5 a4
50.Kxc5 Rb1 51.Rh7+ Ka6 52.Rh8 Kb7 53.Rg8 a3 54.Rg2 Ka6 55.Ra2 Rb3 56.d4 Ka5
57.d5 Ka4 58.d6 Rd3 59.Kc6 Kb3 60.Rxa3+ Kxa3 61.d7 Kb4 62.Kc7  1-0

[Event "HUN-chT1 9697"]
[Site "Hungary"]
[Date "1996.??.??"]
[Round "1"]
[White "Lehoczki, Viktor"]
[Black "Piroth, Attila"]
[Result "0-1"]
[WhiteElo "2090"]
[BlackElo "2245"]

1.c4 e5 2.g3 Nc6 3.Bg2 f5 4.d3 Nf6 5.Nc3 Bc5 6.Nf3 O-O 7.O-O d6 8.Rb1 f4
9.a3 a5 10.Na4 Ba7 11.b4 axb4 12.axb4 Qe8 13.b5 Ne7 14.Qb3 fxg3 15.hxg3 Qh5
16.b6 cxb6 17.Nxb6 Ng4 18.Rd1 Nf5 19.Qc2 Nd4 20.Qd2 Rxf3 21.exf3 Nh2 22.Qe3 Ndxf3+
23.Bxf3 Nxf3+ 24.Kf1 Nd4 25.Kg2 Bh3+  0-1

[Event "IRL-ch"]
[Site "Irland"]
[Date "1996.??.??"]
[Round "2"]
[White "Palmer, Bernard"]
[Black "O'Cinneide, Mel"]
[Result "0-1"]
[WhiteElo "2080"]
[BlackElo "2255"]

1.c4 e5 2.g3 Nc6 3.Bg2 g6 4.Nc3 Bg7 5.Nf3 d6 6.O-O Nge7 7.e3 O-O 8.d4 exd4
9.Nxd4 Bd7 10.Nxc6 Nxc6 11.Qd2 Ne5 12.b3 Qf6 13.Bb2 Nf3+ 14.Bxf3 Qxf3 15.Qd1 Bc6
16.Qxf3 Bxf3 17.Rfe1 Rfd8 18.e4 Re8 19.Re3  0-1

[Event "ISR-chT"]
[Site "Israel"]
[Date "1996.??.??"]
[Round "7"]
[White "Berkovich, Mark A"]
[Black "Zak, Uriel"]
[Result "1-0"]
[WhiteElo "2390"]
[BlackElo "2405"]

1.g3 e5 2.c4 Nf6 3.Bg2 c6 4.d4 exd4 5.Qxd4 d5 6.Nf3 Na6 7.O-O Nb4 8.Na3 Be7
9.cxd5 Qxd5 10.Bd2 Na6 11.Nc4 O-O 12.Qxd5 Nxd5 13.Rfd1 Nb6 14.Na5 Bf6 15.Bc3 Bxc3
16.bxc3 Nc5 17.Nd4 Nba4 18.Rac1 Rb8 19.h3 g6 20.Nab3 Kg7 21.Rb1 Be6 22.Nxc5 Nxc5
23.Nxe6+ Nxe6 24.Rd7 Nc5 25.Rd4 Rfc8 26.f4 Rc7 27.Rc4 Nd7 28.Kf2 Nb6 29.Rd4 c5
30.Rd6 Nc4 31.Rd3 b6 32.a4 Re8 33.Bd5 Na5 34.e4 f6 35.Rbd1 Ree7 36.Ke3 h5
37.Kf2 Nc6 38.Kf3 Na5 39.Ba8 Nc6 40.Rd6 Na5 41.Rd8 Nc6 42.R8d6 Na5 43.g4 hxg4+
44.hxg4 Nb7 45.R6d5 Re8 46.Rd7+ Re7 47.Rxc7 Rxc7 48.e5 fxe5 49.fxe5 Kf7 50.Ke4 c4
51.Bxb7 Rxb7 52.Rd6 b5 53.axb5 Rxb5 54.Ra6 Rb7 55.Kd5 Re7 56.g5 Rd7+ 57.Kxc4 Rc7+
58.Kd4 Rd7+ 59.Ke4 Rc7 60.e6+ Ke7 61.Kd5 Rxc3 62.Rxa7+ Ke8 63.Rg7 Rd3+ 64.Ke5  1-0

[Event "ISR-ch"]
[Site "Jerusalem"]
[Date "1996.??.??"]
[Round "1"]
[White "Godes, Dmitry R"]
[Black "Tseitlin, Mark D"]
[Result "0-1"]
[WhiteElo "2380"]
[BlackElo "2540"]

1.c4 e5 2.g3 Nf6 3.Bg2 c6 4.d4 exd4 5.Qxd4 d5 6.Nc3 Be7 7.cxd5 O-O 8.e4 cxd5
9.exd5 Na6 10.Nge2 Nb4 11.Qd2 Bf5 12.O-O Qd7 13.a3 Nd3 14.b4 Bd6 15.Nd4 Be5
16.Nf3 Bxc3 17.Qxc3 Qxd5 18.Be3 Be4 19.Rad1 Rfd8 20.Ne1 Bxg2 21.Nxg2 Rac8
22.Qa1 Qf5 23.Bd4 Ng4 24.h3 Nge5 25.Bxe5 Nxe5 26.Nh4 Qe6 27.Rxd8+ Rxd8 28.Re1 f6
29.Re3 Qxh3 30.Nf3 Qh5 31.Kg2 Nxf3 32.Qa2+ Kf8 33.Qe2 Rd1  0-1

[Event "Kassel op"]
[Site "Kassel"]
[Date "1996.??.??"]
[Round "6"]
[White "Reschke, Thomas"]
[Black "Schild, Christoph"]
[Result "0-1"]
[WhiteElo "2240"]
[BlackElo "2040"]

1.c4 e5 2.g3 g6 3.Bg2 Bg7 4.e4 Ne7 5.Nc3 O-O 6.Nge2 d6 7.O-O Nbc6 8.d3 Be6
9.Rb1 a5 10.a3 Qd7 11.b4 axb4 12.axb4 Nd4 13.Nxd4 exd4 14.Nd5 b5 15.f4 Nxd5
16.cxd5 Bh3 17.f5 Bxg2 18.Kxg2 Ra2+ 19.Rb2 Rfa8 20.Qc2 Rxb2 21.Bxb2 Be5 22.fxg6 hxg6
23.Qf2 Ra4 24.Ra1 Rxb4 25.Ra8+ Kg7 26.Bc1 Ra4 27.Rb8 f6 28.Qd2 g5 29.Qe2 Qf7
30.Qg4 Ra2+ 31.Kg1 Ra1 32.Qh3 Rxc1+ 33.Kf2 f5 34.Qh8+ Kg6 35.Rg8+ Bg7 36.Rxg7+ Qxg7
37.exf5+ Kf7 38.Qh5+ Kf8 39.h4 Qf6 40.g4 gxh4 41.Qh7 b4 42.Qd7 Qe7 43.Qc8+ Kf7
44.Qe6+ Qxe6 45.dxe6+ Ke7 46.g5 h3 47.g6 h2  0-1

[Event "La Coruna op"]
[Site "La Coruna"]
[Date "1996.??.??"]
[Round "?"]
[White "Lezcano Jaen, Pedro"]
[Black "Giorgadze, Giorgi"]
[Result "0-1"]
[WhiteElo "2320"]
[BlackElo "2580"]

1.c4 e5 2.g3 Nc6 3.Bg2 g6 4.Nc3 Bg7 5.e3 f5 6.d3 Nf6 7.Nge2 O-O 8.O-O d6
9.b3 Ne7 10.Qd2 c6 11.Bb2 d5 12.cxd5 Nfxd5 13.Nxd5 Nxd5 14.e4 fxe4 15.dxe4 Nf4
16.Rad1 Qxd2 17.Rxd2 Nh3+ 18.Bxh3 Bxh3 19.Re1 Rf3 20.Nc1 Bh6 21.Rdd1 Re8
22.Nd3 Bg7 23.Rd2 Rf7 24.Rc2 Rd7 25.Nc5 Rde7 26.Rc3 Rf7 27.Ree3 Ref8 28.Nd3 Rd8
29.f3 Bh6 30.f4 exf4 31.gxf4 Bc8 32.Rf3 Re7 33.Nf2 Rd2 34.Ba3 Re8 35.f5 gxf5
36.exf5 Rxa2 37.Bd6 Rd2 38.Bb4 Rd4 39.Bc5 Rd5 40.Ng4 Bg5 41.f6 Kf7 42.Ne3 Rde5  0-1

[Event "Las Palmas op"]
[Site "Las Palmas"]
[Date "1996.??.??"]
[Round "3"]
[White "Barlov, Dragan"]
[Black "Sarmiento, Braulio Alfonso"]
[Result "1-0"]
[WhiteElo "2455"]
[BlackElo "2435"]

1.c4 e5 2.g3 d6 3.Bg2 Nc6 4.Nc3 g6 5.e3 Bg7 6.Nge2 f5 7.a3 Nf6 8.d3 O-O 9.O-O Ne7
10.f4 exf4 11.Nxf4 c6 12.Bd2 Qe8 13.e4 fxe4 14.dxe4 Ng4 15.Qe2 Kh8 16.h3 Ne5
17.Rad1 Ng8 18.b3 Nf6 19.Be3 g5 20.Nd3 g4 21.Nf4 gxh3 22.Bxh3 Bxh3 23.Nxh3 Nfg4
24.Rxf8+ Qxf8 25.Bf4 Re8 26.Rf1 Qe7 27.Nd1 d5 28.cxd5 cxd5 29.exd5 Qc5+ 30.Ndf2 Nxf2
31.Rxf2 Qxd5 32.Qh5 Re7 33.Ng5 Qd3 34.Rd2 Qb1+ 35.Rd1  1-0

[Event "Le Touquet op"]
[Site "Le Touquet"]
[Date "1996.??.??"]
[Round "?"]
[White "Foisor, Ovidiu"]
[Black "Degraeve, Jean Marc"]
[Result "0-1"]
[WhiteElo "2475"]
[BlackElo "2490"]

1.c4 e5 2.g3 Nc6 3.Bg2 f5 4.Nc3 Nf6 5.d3 Bb4 6.Bd2 O-O 7.e3 Bxc3 8.Bxc3 d5
9.Ne2 Be6 10.b3 Qe7 11.a3 Rad8 12.Qc2 Bf7 13.O-O Bh5 14.Rfe1 Qf7 15.Bb2 Kh8
16.Rac1 Rd6 17.b4 dxc4 18.dxc4 Rfd8 19.Bxc6 Rxc6 20.Bxe5 Ng4 21.Red1 Re8
22.Bf4 Nxh2 23.Kxh2 Bf3 24.g4 fxg4 25.Ng3 Qf6 26.Qd3 g5 27.Qd4 gxf4  0-1

[Event "Liechtenstein op"]
[Site "Liechtenstein"]
[Date "1996.??.??"]
[Round "7"]
[White "Foisor, Cristina Adela B"]
[Black "Minnebo, Alain"]
[Result "0-1"]
[WhiteElo "2370"]
[BlackElo "2295"]

1.c4 e5 2.g3 Nf6 3.Bg2 d5 4.cxd5 Nxd5 5.Nf3 Nc6 6.O-O Be7 7.d4 e4 8.Ne5 f5
9.Nxc6 bxc6 10.Nd2 h5 11.Nb3 h4 12.Bd2 Qd6 13.Qc1 Ba6 14.Re1 Rh5 15.Nc5 hxg3
16.hxg3 g5 17.Nxa6 O-O-O 18.Nb4 Nxb4 19.Bxb4 Qh6 20.Bxe7 Rh8 21.f4 Rh2 22.Kf2 Rxg2+
23.Ke3 gxf4+ 24.gxf4 Qh3+  0-1

[Event "Anibal op 3rd"]
[Site "Linares"]
[Date "1996.??.??"]
[Round "?"]
[White "Suba, Mihai"]
[Black "Narciso Dublan, Marc"]
[Result "1/2-1/2"]
[WhiteElo "2565"]
[BlackElo "2440"]

1.c4 e5 2.g3 Nf6 3.Bg2 c6 4.d4 exd4 5.Qxd4 d5 6.Nf3 Be7 7.cxd5 cxd5 8.O-O Nc6
9.Qa4 O-O 10.Be3 Ne4 11.Nc3 Nxc3 12.bxc3 Re8 13.Rfd1 Bf6 14.Rab1 Bxc3 15.Ng5 d4
16.Ne4 Bf5 17.Nxc3 Bxb1 18.Bxc6 bxc6 19.Bxd4 Bf5 20.Bxg7 Qg5 21.Bd4 Qg6 22.Qa5 Red8
23.f3 Qe6 24.e4 Bg6 25.Ne2 Rd7 26.Rc1 Rad8 27.Qa4 Bxe4 28.fxe4 Qxe4 29.Qxc6 Rxd4
30.Nxd4 Qxd4+ 31.Kg2 Qd5+ 32.Qxd5 Rxd5 33.a4 Rd2+ 34.Kh3 Ra2 35.Rc4 Kg7 36.g4 Kg6
37.Rc6+ Kg5 38.Rc5+ Kg6 39.Ra5 h5 40.g5 Rf2 41.Kg3 Rb2 42.Rxa7 Rb3+ 43.Kf4  1/2-1/2

[Event "Anibal op 3rd"]
[Site "Linares"]
[Date "1996.??.??"]
[Round "?"]
[White "Anastasian, Ashot"]
[Black "Romanishin, Oleg M"]
[Result "1/2-1/2"]
[WhiteElo "2520"]
[BlackElo "2590"]

1.c4 e5 2.g3 Nf6 3.Bg2 d5 4.cxd5 Nxd5 5.Nf3 Nc6 6.O-O Nb6 7.d3 Be7 8.Be3 O-O
9.Nc3 Be6 10.Rc1 Re8 11.Ne4 Bd5 12.Nc3 Be6 13.Qd2 f6 14.Bxb6 axb6 15.Rfd1 Bf8
16.e3 Bb4 17.a3 Bf8 18.Qe2 Bb3 19.Rd2 Qd7 20.d4 exd4 21.Qb5 Qf7 22.Nxd4 Nxd4
23.Rxd4 c6 24.Qd3 Bc5 25.Rd7 Re7 26.Rxe7 Bxe7 27.Ne2 Rd8 28.Nd4 Bd5 29.Bxd5 Qxd5  1/2-1/2

[Event "Marijampole op"]
[Site "Marijampole"]
[Date "1996.??.??"]
[Round "5"]
[White "Bursteinas, Romanas"]
[Black "Zavoronkov, Vladimir"]
[Result "0-1"]
[WhiteElo "2170"]
[BlackElo "2240"]

1.c4 e5 2.g3 Nc6 3.Bg2 Nf6 4.Nc3 Bb4 5.Nd5 Nxd5 6.cxd5 Ne7 7.Qa4 Bd6 8.d4 c6
9.dxe5 Bxe5 10.Nf3 Bd6 11.dxc6 dxc6 12.O-O O-O 13.Rd1 Nd5 14.Qb3 Qe7 15.Nd4 Bc5
16.e4 Nf6 17.Qc3 Bb6 18.f3 Re8 19.Kh1 h6 20.b3 Qc5 21.Bb2 Qxc3 22.Bxc3 a5
23.Ne2 Nd7 24.Bd4 f5 25.Nc3 Bxd4 26.Rxd4 Nf6 27.Rad1 fxe4 28.Nxe4 Nxe4 29.fxe4 Bg4
30.R1d2 Re5 31.h3 Be6 32.Kg1 Kf7 33.Kf2 Ke7 34.Ke3 Rc5 35.Bf3 Rc3+ 36.Ke2 Bxh3
37.g4 Rf8 38.R4d3 Bf1+ 39.Kxf1 Rxf3+ 40.Rxf3 Rxf3+ 41.Kg2 Rf4  0-1

[Event "Wch U18"]
[Site "Menorca"]
[Date "1996.??.??"]
[Round "1"]
[White "Muningis, Paulius"]
[Black "Shliperman, Igor"]
[Result "0-1"]
[WhiteElo "2155"]
[BlackElo "2400"]

1.c4 e5 2.g3 Nc6 3.Bg2 Nf6 4.Nc3 Bb4 5.d3 O-O 6.Bd2 Re8 7.Nf3 Bxc3 8.Bxc3 d5
9.cxd5 Nxd5 10.O-O Bg4 11.Qb3 Nb6 12.h3 Be6 13.Qb5 f6 14.Kh1 Qd6 15.b4 Nd5
16.Bd2 a6 17.Qc5 Ndxb4 18.Qxd6 cxd6 19.Bxb4 Nxb4 20.Nd2 Rab8 21.Ne4 Red8
22.Nc3 Nc6 23.Rfc1 Ne7 24.a4 b6 25.Rab1 f5 26.e3 Rdc8 27.d4 b5 28.axb5 axb5
29.Rb4 e4 30.Bf1 Nd5 31.Rb3 b4 32.Na2 Rxc1 33.Nxc1 Nc3 34.Rb2 b3 35.Nxb3 Rxb3  0-1

[Event "Minsk op"]
[Site "Minsk"]
[Date "1996.??.??"]
[Round "4"]
[White "Shurygin, Sergey"]
[Black "Korzubov, Peter"]
[Result "1/2-1/2"]
[WhiteElo "2395"]
[BlackElo "2440"]

1.c4 e5 2.g3 d6 3.d4 exd4 4.Qxd4 Nf6 5.Bg2 g6 6.b3 Bg7 7.Bb2 O-O 8.Nc3 Nbd7
9.Nh3 Re8 10.Qd2 Nc5 11.Nf4 a5 12.Rd1 Ng4 13.O-O Ne5 14.Ba3 Ne6 15.c5 dxc5
16.Qxd8 Rxd8 17.Ncd5 Rd7 18.Bh3 Ra6 19.Nxe6 fxe6 20.Nf4 c4 21.bxc4 Nxc4 22.Bc5 Kf7
23.Rc1 Nd2 24.Rfe1 Ne4 25.Be3 Nc3 26.Rc2 b5 27.Nd3 Rc6 28.Bg2 Rcd6 29.Bf4 Nxe2+
30.Rexe2 Rxd3 31.Bc6 Re7 32.Bxb5 Rd1+ 33.Kg2 Bb7+ 34.Bc6 Ba6 35.Red2 Rb1
36.Be4 Bb7 37.Bxb7 Rxb7 38.Rc5 a4 39.Bg5 Bf6 40.Bxf6 Kxf6 41.Rd4 Ra7 42.Rf4+ Kg7
43.a3 Rd7 44.Rcc4 Rd3 45.Rxa4 Rxa3 46.Rac4 R3a6 47.Rfd4  1/2-1/2

[Event "Moscow IM1"]
[Site "Moscow"]
[Date "1996.??.??"]
[Round "?"]
[White "Donchenko, Anatoly G"]
[Black "Ivanets, Vladimir"]
[Result "1-0"]
[WhiteElo "2385"]
[BlackElo "2265"]

1.c4 e5 2.g3 d5 3.cxd5 Qxd5 4.Nf3 Nc6 5.Nc3 Qa5 6.Bg2 Nf6 7.O-O e4 8.Ne1 Bf5
9.d4 exd3 10.Nxd3 Be7 11.Qb3 Qb6 12.Qa4 Bxd3 13.exd3 O-O 14.Bxc6 bxc6 15.Be3 Qxb2
16.Qxc6 Rad8 17.Rab1 Qa3 18.Rfd1 a6 19.Bf4 Bd6 20.Bxd6 cxd6 21.Nd5 Ng4 22.Qc4 Ne5
23.Qb3 Qa5 24.d4 Ng6 25.h4 Rde8 26.Rbc1 Rb8 27.Qf3 Rb5 28.Ne3 Ne7 29.Nc4 Qd8
30.a4 Rb4 31.a5 Rb5 32.Rb1 Rf5 33.Qb7 Ng6 34.Qb6 Qf6 35.Qxd6 Rxf2 36.Qxf6 Rxf6
37.Rb6 Rf3 38.Kg2 Rc3 39.Nd6 Ne7 40.Rxa6 Nd5 41.Re1 Rd3 42.Nf5 g6 43.Rd6 Nb4
44.Ne7+ Kg7 45.Rb1 Nc2 46.a6 Ne3+ 47.Kh1 Nc4 48.Rd7 Ne5 49.Rd5 Nf3 50.Kg2 Ra8
51.Ra5 Nxd4 52.a7 Nb3 53.Ra2 Rd7 54.Nc6 Rb7 55.Ra3 Nc5 56.Rxb7 Nxb7 57.Rb3 Na5
58.Rb8 Nxc6 59.Rxa8 Kf6  1-0

[Event "Moscow-A"]
[Site "Moscow"]
[Date "1996.??.??"]
[Round "?"]
[White "Kron, Valentin"]
[Black "Zaitsev, Igor A"]
[Result "1-0"]
[WhiteElo "2430"]
[BlackElo "2460"]

1.c4 e5 2.g3 Nc6 3.Bg2 g6 4.Nc3 Bg7 5.d3 Nf6 6.e4 d6 7.Nge2 O-O 8.O-O a6
9.f4 Nd4 10.f5 gxf5 11.Bg5 c6 12.exf5 d5 13.cxd5 Nxf5 14.dxc6 bxc6 15.d4 exd4
16.Ne4 d3 17.Nxf6+ Bxf6 18.Bxf6 Qxf6 19.Qxd3 Qxb2 20.Be4 Re8 21.Nc3 Qb6+
22.Kh1 Qe3 23.Rxf5 Rxe4 24.Qd8+ Re8 25.Rg5+ Kf8 26.Qd6+ Re7 27.Qh6+ Ke8 28.Qxc6+ Kf8
29.Qh6+  1-0

[Event "Moscow Alekhine op"]
[Site "Moscow"]
[Date "1996.??.??"]
[Round "1"]
[White "Enderjukova, Aelita"]
[Black "Cherniaev, Alexander"]
[Result "0-1"]
[WhiteElo "2105"]
[BlackElo "2430"]

1.c4 e5 2.g3 Nc6 3.Bg2 g6 4.Nc3 Bg7 5.Rb1 a5 6.a3 d6 7.b4 axb4 8.axb4 f5
9.e3 e4 10.f3 Ne5 11.fxe4 Nd3+ 12.Ke2 Nxc1+ 13.Rxc1 Ne7 14.exf5 Nxf5 15.Nh3 O-O
16.Nf4 c6 17.Qb3 g5 18.Nd3 Nd4+ 19.exd4 Bg4+ 20.Ke3 Qf6 21.Ne5 dxe5 22.Ne4 Qf3+  0-1

[Event "Moscow Alekhine op"]
[Site "Moscow"]
[Date "1996.??.??"]
[Round "2"]
[White "Vaulin, Alexander"]
[Black "Vorobiov, Evgeny E"]
[Result "1-0"]
[WhiteElo "2480"]
[BlackElo "2320"]

1.c4 e5 2.g3 Nf6 3.Bg2 d5 4.cxd5 Nxd5 5.Nc3 Nb6 6.Nf3 Nc6 7.a3 a5 8.d3 Be7
9.O-O O-O 10.Be3 Re8 11.Rc1 Bf8 12.Nb5 Nd5 13.Bc5 a4 14.Bxf8 Kxf8 15.Nd2 Nd4
16.Nxd4 exd4 17.Nf3 Bg4 18.Qc2 Nb6 19.Qxc7 Rxe2 20.Qc5+ Kg8 21.Nxd4 Rxb2
22.Qc3 Ra2 23.Bxb7 Bh3 24.Bxa8 Bxf1 25.Nf5 f6 26.Rxf1 g6 27.Ne3 Qxa8 28.Qxf6  1-0

[Event "Moscow Alekhine op"]
[Site "Moscow"]
[Date "1996.??.??"]
[Round "6"]
[White "Vaulin, Alexander"]
[Black "Krasnov, Sergey"]
[Result "1-0"]
[WhiteElo "2480"]
[BlackElo "2340"]

1.c4 e5 2.g3 Nc6 3.Bg2 g6 4.Nc3 Bg7 5.e3 f5 6.Nge2 Nf6 7.d4 d6 8.dxe5 Nxe5
9.b3 O-O 10.O-O Rb8 11.Bb2 a6 12.a4 Bd7 13.Qc2 Nh5 14.Nd5 c6 15.Ndf4 Nxf4
16.Nxf4 Qe7 17.Rad1 Rbd8 18.Ba3 Bc8 19.Qd2 Nf7 20.Rfe1 Rfe8 21.Bb4 Qf6 22.Ne2 g5
23.Ba5 Rd7 24.Bc3 Qg6 25.Bxg7 Qxg7 26.b4 Rde7 27.b5 axb5 28.cxb5 Bd7 29.a5 cxb5
30.Bxb7 f4 31.exf4 Bg4 32.f3 Rxb7 33.fxg4 Rbe7 34.a6 h6 35.Kf1 gxf4 36.Nxf4 Rxe1+
37.Rxe1 Rxe1+ 38.Qxe1 Ne5 39.Qe4 Qc7 40.Qd5+ Kh8 41.Qa8+ Kg7 42.Qb7 Qxb7
43.axb7 Nc6 44.Ke1 Kg8 45.Ne6 b4 46.Nd4 Nb8 47.Nf5 Kf7 48.Nxh6+ Kf6 49.h4 d5
50.g5+ Kg6 51.Ng4 d4 52.Ne5+ Kf5 53.Nd3 b3 54.Kd2 Nc6 55.g4+  1-0

[Event "Moscow-ch"]
[Site "Moscow"]
[Date "1996.??.??"]
[Round "9"]
[White "Hramtsov, A."]
[Black "Vorobiov, Evgeny E"]
[Result "1-0"]
[WhiteElo "2350"]
[BlackElo "2440"]

1.c4 e5 2.g3 Nf6 3.Bg2 d5 4.cxd5 Nxd5 5.Nf3 Nc6 6.O-O Nb6 7.b3 Bd6 8.Bb2 O-O
9.d4 exd4 10.Nxd4 Nxd4 11.Qxd4 f6 12.Nc3 Qe7 13.Qe4 c6 14.Qxe7 Bxe7 15.Be4 Be6
16.Rfd1 a5 17.Bc2 Kf7 18.Bc1 Bb4 19.Bb2 Rfe8 20.f3 Bxc3 21.Bxc3 a4 22.e4 axb3
23.axb3 Nd7 24.Kf2 c5 25.f4 Ke7 26.Ke3 b5 27.b4 c4 28.Rxa8 Rxa8 29.Ra1 Rxa1
30.Bxa1 Nb8 31.Kd4 Bd7 32.Bc3 Nc6+ 33.Kc5 Nd8 34.Kb6 h6 35.h4 Ne6 36.f5 Nd8
37.e5 fxe5 38.Bxe5 Nc6 39.Bc3 Kd6 40.Bxg7 Kd5 41.Bc3 Nd4 42.f6 Be8 43.Bd1 Ke4
44.Kc5 Nb3+ 45.Kd6  1-0

[Event "New York op"]
[Site "New York"]
[Date "1996.??.??"]
[Round "6"]
[White "Zlotnikov, Mikhail"]
[Black "Chernin, Alexander"]
[Result "0-1"]
[WhiteElo "2390"]
[BlackElo "2595"]

1.c4 e5 2.g3 Nf6 3.Bg2 Nc6 4.Nf3 Bc5 5.Nc3 d6 6.O-O a6 7.d3 h6 8.h3 Nd4 9.Nd2 O-O
10.Rb1 Ba7 11.b4 Nh7 12.e3 Ne6 13.Nb3 f5 14.d4 f4 15.exf4 exf4 16.Kh2 Qd7
17.h4 fxg3+ 18.fxg3 Rxf1 19.Bxf1 Qf7 20.Bg2 Nf6 21.Rb2 Nf8 22.Nd5 Ng4+ 23.Kg1 c6
24.Nf4 Qxc4 25.Bf3 Ne5 26.Be2 Qxb4 27.Nc5 Qxd4+ 28.Qxd4 Bxc5 29.Qxc5 dxc5
30.Be3 b5 31.Bxc5 Bg4 32.Bxg4 Nxg4 33.Re2 Nd7 34.Bd6 Ngf6 35.Ne6 Re8 36.Kf1 Kf7
37.Nd4 Rxe2 38.Kxe2 c5 39.Nb3 Ne4  0-1

[Event "JUG-chT"]
[Site "Niksic"]
[Date "1996.??.??"]
[Round "?"]
[White "Strikovic, Aleksa"]
[Black "Popovic, Petar"]
[Result "1-0"]
[WhiteElo "2550"]
[BlackElo "2575"]

1.g3 e5 2.c4 Nf6 3.Bg2 Nc6 4.Nc3 Bb4 5.Nd5 Bc5 6.Nf3 O-O 7.O-O d6 8.d3 h6
9.Nd2 Bf5 10.Nb3 Nxd5 11.cxd5 Nd4 12.Nxc5 dxc5 13.e3 Nb5 14.Qb3 Qd7 15.a4 Nd6
16.Qc3 e4 17.Qxc5 Rfe8 18.Bd2 exd3 19.f3 Bg6 20.Rfe1 Rad8 21.e4 f5 22.e5 Nc8
23.f4 Nb6 24.e6 Qd6 25.Qxd6 Rxd6 26.Bb4 Rdd8 27.d6 cxd6 28.a5 Na8 29.Bxb7 Re7
30.a6 Nc7 31.Ba5 Bh5 32.Rac1 d2 33.Bxd2 Nxe6 34.Rc3 Kf8 35.Rce3 Bf7 36.Bb4 Rdd7  1-0